<?xml version="1.0" encoding="UTF-8"?>
<record
    xmlns:xsi="http://www.w3.org/2001/XMLSchema-instance"
    xsi:schemaLocation="http://www.loc.gov/MARC21/slim http://www.loc.gov/standards/marcxml/schema/MARC21slim.xsd"
    xmlns="http://www.loc.gov/MARC21/slim">

  <leader>01747nam a2200385 i 4500</leader>
  <controlfield tag="003">DO-SdBNP</controlfield>
  <controlfield tag="005">20240826104701.0</controlfield>
  <controlfield tag="007">ta</controlfield>
  <controlfield tag="008">240826s2024    dr ac         000 0 spa d</controlfield>
  <datafield tag="020" ind1=" " ind2=" ">
    <subfield code="a">9789945189889</subfield>
  </datafield>
  <datafield tag="040" ind1=" " ind2=" ">
    <subfield code="a">DO-SdBNP</subfield>
    <subfield code="b">spa</subfield>
    <subfield code="c">BNPHU</subfield>
    <subfield code="e">rda</subfield>
  </datafield>
  <datafield tag="082" ind1=" " ind2="4">
    <subfield code="2">22</subfield>
    <subfield code="b">O55</subfield>
  </datafield>
  <datafield tag="245" ind1="0" ind2="0">
    <subfield code="a">Omnia vincit poesis / todo lo puede poes&#xED;a :</subfield>
    <subfield code="b">antolog&#xED;a po&#xE9;tica  /</subfield>
    <subfield code="c">edici&#xF3;n Rei Berroa </subfield>
  </datafield>
  <datafield tag="264" ind1=" " ind2="1">
    <subfield code="a">Santo Domingo :</subfield>
    <subfield code="b">Teatro de la Luna,</subfield>
    <subfield code="b">B&#xFA;ho,</subfield>
    <subfield code="c">2024.</subfield>
  </datafield>
  <datafield tag="300" ind1=" " ind2=" ">
    <subfield code="a">252 p&#xE1;ginas ;</subfield>
    <subfield code="b">ilustraciones, retratos </subfield>
    <subfield code="c">22 cm.</subfield>
  </datafield>
  <datafield tag="336" ind1=" " ind2=" ">
    <subfield code="2">rdacontent</subfield>
    <subfield code="a">texto</subfield>
    <subfield code="b">txt</subfield>
  </datafield>
  <datafield tag="337" ind1=" " ind2=" ">
    <subfield code="2">rdamedia</subfield>
    <subfield code="a">sin mediaci&#xF3;n</subfield>
    <subfield code="b">n</subfield>
  </datafield>
  <datafield tag="338" ind1=" " ind2=" ">
    <subfield code="2">rdacarrier</subfield>
    <subfield code="a">volumen</subfield>
    <subfield code="b">nc</subfield>
  </datafield>
  <datafield tag="490" ind1="1" ind2=" ">
    <subfield code="a">Libros de la luna</subfield>
    <subfield code="v">17</subfield>
  </datafield>
  <datafield tag="500" ind1=" " ind2=" ">
    <subfield code="a">Omnia vincit poesis / Todo lo puede poes&#xED;a incluye una selecci&#xF3;n de los poemas le&#xED;dos en el XXXI Marat&#xF3;n de Poes&#xED;a "La pluma y la palabra" del teatro de la Luna, celebrado en la Biblioteca del Congreso y en la Casa de la Luna de Washington, DC del 14 al 16 de junio de 2024.</subfield>
  </datafield>
  <datafield tag="500" ind1=" " ind2=" ">
    <subfield code="a">XXXI (31) Marat&#xF3;n de poes&#xED;a del Teatro de la Luna. </subfield>
  </datafield>
  <datafield tag="590" ind1=" " ind2=" ">
    <subfield code="a">Inventariado, 2022/ YL</subfield>
  </datafield>
  <datafield tag="700" ind1="1" ind2=" ">
    <subfield code="a">Berroa, Rei</subfield>
    <subfield code="e">edici&#xF3;n, </subfield>
    <subfield code="9">85976</subfield>
  </datafield>
  <datafield tag="700" ind1="1" ind2=" ">
    <subfield code="a">Delmonte, Jos&#xE9; Enrique</subfield>
    <subfield code="e">poeta</subfield>
    <subfield code="e">Rep&#xFA;blica Dominicana</subfield>
    <subfield code="9">78588</subfield>
  </datafield>
  <datafield tag="700" ind1="1" ind2=" ">
    <subfield code="a">Est&#xE9;vez, Sofia</subfield>
    <subfield code="e">poeta</subfield>
    <subfield code="e">Rep&#xFA;blica Dominicana</subfield>
    <subfield code="9">86393</subfield>
  </datafield>
  <datafield tag="700" ind1="1" ind2=" ">
    <subfield code="a">Guti&#xE9;rrez y Muhs, Gabriella</subfield>
    <subfield code="e">poeta</subfield>
    <subfield code="e">Estados Unidos</subfield>
    <subfield code="9">86394</subfield>
  </datafield>
  <datafield tag="700" ind1="1" ind2=" ">
    <subfield code="a">Lara, Elizabeth</subfield>
    <subfield code="e">poeta</subfield>
    <subfield code="e">Estados Unidos</subfield>
    <subfield code="9">86395</subfield>
  </datafield>
  <datafield tag="700" ind1="1" ind2=" ">
    <subfield code="a">Gelinas, Dana</subfield>
    <subfield code="e">poeta</subfield>
    <subfield code="e">M&#xE9;xico</subfield>
    <subfield code="9">86396</subfield>
  </datafield>
  <datafield tag="700" ind1="1" ind2=" ">
    <subfield code="a">Roblest, Alberto</subfield>
    <subfield code="e">poeta</subfield>
    <subfield code="e">M&#xE9;xico</subfield>
    <subfield code="9">86397</subfield>
  </datafield>
  <datafield tag="700" ind1="1" ind2=" ">
    <subfield code="a">Xiqu&#xED;n, Calixta Gabriel</subfield>
    <subfield code="e">poeta</subfield>
    <subfield code="e">Guatemala</subfield>
    <subfield code="9">86398</subfield>
  </datafield>
  <datafield tag="700" ind1="1" ind2=" ">
    <subfield code="a">Mej&#xED;a, Luz Stella</subfield>
    <subfield code="e">poeta</subfield>
    <subfield code="e">Colombia</subfield>
    <subfield code="9">86399</subfield>
  </datafield>
  <datafield tag="700" ind1="1" ind2=" ">
    <subfield code="a">Duval, Elizabeth</subfield>
    <subfield code="e">poeta</subfield>
    <subfield code="e">Espa&#xF1;a</subfield>
    <subfield code="9">86400</subfield>
  </datafield>
  <datafield tag="910" ind1=" " ind2=" ">
    <subfield code="a">YLockward</subfield>
  </datafield>
  <datafield tag="942" ind1=" " ind2=" ">
    <subfield code="2">ddc</subfield>
    <subfield code="c">LBS1</subfield>
  </datafield>
  <datafield tag="952" ind1=" " ind2=" ">
    <subfield code="0">0</subfield>
    <subfield code="1">0</subfield>
    <subfield code="2">ddc</subfield>
    <subfield code="5">1</subfield>
    <subfield code="7">0</subfield>
    <subfield code="8">PD</subfield>
    <subfield code="a">BNPHU</subfield>
    <subfield code="b">BNPHU</subfield>
    <subfield code="c">CT</subfield>
    <subfield code="d">2024-08-06</subfield>
    <subfield code="e">Deposito Legal</subfield>
    <subfield code="l">0</subfield>
    <subfield code="o">BNPHU PD O55</subfield>
    <subfield code="p">2024-5088</subfield>
    <subfield code="r">2024-08-26</subfield>
    <subfield code="w">2024-08-26</subfield>
    <subfield code="y">LBS1</subfield>
  </datafield>
  <datafield tag="952" ind1=" " ind2=" ">
    <subfield code="0">0</subfield>
    <subfield code="1">0</subfield>
    <subfield code="2">ddc</subfield>
    <subfield code="5">1</subfield>
    <subfield code="7">0</subfield>
    <subfield code="8">PD</subfield>
    <subfield code="a">BNPHU</subfield>
    <subfield code="b">BNPHU</subfield>
    <subfield code="c">CT</subfield>
    <subfield code="d">2024-08-06</subfield>
    <subfield code="e">Deposito Legal</subfield>
    <subfield code="l">0</subfield>
    <subfield code="o">BNPHU PD O55</subfield>
    <subfield code="p">2024-5089</subfield>
    <subfield code="r">2024-08-26</subfield>
    <subfield code="t">e. 2</subfield>
    <subfield code="w">2024-08-26</subfield>
    <subfield code="y">LBS1</subfield>
  </datafield>
  <datafield tag="952" ind1=" " ind2=" ">
    <subfield code="0">0</subfield>
    <subfield code="1">0</subfield>
    <subfield code="2">ddc</subfield>
    <subfield code="5">6</subfield>
    <subfield code="7">0</subfield>
    <subfield code="8">DS</subfield>
    <subfield code="a">BNPHU</subfield>
    <subfield code="b">BNPHU</subfield>
    <subfield code="c">CT</subfield>
    <subfield code="d">2024-08-06</subfield>
    <subfield code="e">Deposito Legal</subfield>
    <subfield code="l">0</subfield>
    <subfield code="o">BNPHU DS O55</subfield>
    <subfield code="p">2024-5090</subfield>
    <subfield code="r">2024-08-26</subfield>
    <subfield code="t">e. 3</subfield>
    <subfield code="w">2024-08-26</subfield>
    <subfield code="y">LBS1</subfield>
  </datafield>
  <datafield tag="999" ind1=" " ind2=" ">
    <subfield code="c">57544</subfield>
    <subfield code="d">57544</subfield>
  </datafield>
</record>
